[Event "Tilburg Fontys"]
[Site "Tilburg"]
[Date "1998.10.24"]
[Round "2"]
[White "Kortschnoj, Viktor Lvovich"]
[Black "Adams, Michael"]
[Result "0-1"]
[WhiteElo "2625"]
[BlackElo "2715"]
[Annotator "Ribli,Z"]
[PlyCount "174"]
[EventDate "1998.10.23"]
[EventType "tourn"]
[EventRounds "11"]
[EventCountry "NED"]
[EventCategory "18"]
[SourceTitle "EXT 1999"]
[Source "ChessBase"]
[SourceDate "1998.11.16"]
[SourceVersion "1"]
[SourceVersionDate "1998.11.16"]
[SourceQuality "1"]

1. Nf3 {Hecht} Nf6 2. c4 e6 3. g3 d5 4. Bg2 Be7 5. O-O O-O 6. b3 {Mit dem
Textzug möchte Kortchnoj theoretische Hauptvarianten umgehen. Mit 6.d4 könnte
Weiß die Katalanische Eröffnung erreichen. Ribli.} b6 7. Bb2 Bb7 8. e3 Nbd7 9.
Nc3 (9. d4 $6 dxc4 10. bxc4 c5 11. Nbd2 Qc7 $10 {Hodgson,Ju-Cooper,J BCF-ch
1989 CBM/15}) 9... Ne4 (9... c5) 10. Qc2 (10. Ne2 $5 {Ich empfehle diesen Zug.
Jetzt hat der e4-Springer Problemen, denn Weiß kann ihn mit d2-d3 befragen.}
dxc4 (10... Bf6 11. Qc2 Bxb2 12. Qxb2 Qf6 13. d4 dxc4 14. bxc4 Nd6 15. Nd2 Bxg2
16. Kxg2 c5 17. a4 e5 18. d5 Qg6 19. f3 h5 20. Kh1 h4 21. g4 h3 22. Qc3 f5 23.
Rg1 Qh6 24. f4 Nf6 25. Raf1 Nfe4 26. Nxe4 Nxe4 27. Qc2 Qh4 28. Ng3 {1-0
Sorokin,M-Garcia Palermo,C/Villa Gesell 1997/CBM 58 (41)}) (10... c5 11. d3 Bf6
12. Qc2 Bxb2 13. Qxb2 Nd6 (13... Nef6 $10 {Gsheidlen-Boesken BL 8788}) 14. Rfd1
Qe7 15. cxd5 Bxd5 16. Nf4 Bb7 17. d4 Rfd8 18. Rac1 Rac8 19. h4 h6 20. dxc5 Nxc5
21. Ne5 Bxg2 22. Kxg2 Qe8 {1/2-1/2 Sherbakov,R-Janjgava,L/Borzhomi 1988/EXT 97
(28)}) 11. bxc4 c5 12. a4 Bf6 13. Qc2 Qc7 14. d3 Ng5 15. Nxg5 Bxg5 16. Bxb7
Qxb7 17. a5 Bf6 18. Bxf6 Nxf6 19. Nc3 h5 {1/2-1/2 Sherbakov,R-Korneev,O/Moscow
1994/CBM 45 ext (27)}) 10... Nxc3 $5 (10... c5 11. cxd5 Nxc3 12. Bxc3 Bxd5 13.
e4 Bb7 14. Rad1 Rc8 15. Rfe1 Rc7 16. Qb2 Bf6 17. d4 Qa8 18. Nh4 cxd4 19. Bxd4
Rfc8 20. Qe2 Rc2 21. Rd2 Rxd2 22. Qxd2 Rd8 {1/2-1/2 Mohr,G-Dutreeuw,M/Werfen
1992/EXT 97 (37)}) 11. Bxc3 c5 (11... dxc4 12. bxc4 $14 {Weiß hat eine starke
Zentrumsstellung.} Nc5 13. d4 Be4 14. Qd1 Nd7 15. Qa4 c6 16. Rfd1 Qc7 17. Rac1
Qb7 18. Qb3 Rfd8 19. Ne1 Bxg2 20. Nxg2 Nf6 21. Nf4 b5 22. Ba5 Rdc8 23. cxb5
cxb5 24. Rxc8+ Rxc8 25. d5 e5 26. Nd3 Qxd5 27. Qxd5 Nxd5 28. Nxe5 Nf6 {1/2-1/2
Geller,E-Keres,P/URS 1968/MCD (69)}) 12. Rfd1 $11 {Die beiden weißen Läufer
stehen gut in den langen Diagonalen, aber die schwarze Stellung ist flexibel
und weist keinerlei Schwächen auf.} (12. cxd5 Bxd5 (12... exd5 $6 13. d4 $14 {
[%csl Rb7,Rd5] In dieser Stellung steht der Läufer b7 passiv und Weiß hat den
natürlichen Plan Qc2-b2 / Ra1-c1 / Rf1-d1.}) 13. Qb2 Bf6 14. d4 cxd4 15. Bxd4
$11) 12... Rc8 {[%cal Gc8c2]} 13. Qb2 Bf6 14. Rac1 $6 {Dieser schablonenhafte
Zug gefällt mir nicht. Weiß hat viele Möglichkeiten, das Gleichgewicht zu
halten, aber es ist schwierig, etwas mehr zu finden.} (14. cxd5 Bxd5 (14...
Bxc3 15. dxc3 Bxd5 16. c4 Bc6 17. Ne5 Qf6 $1 {[%cal Gf6b2]} 18. Nd3 $11) (14...
exd5 15. d4 $14) 15. d4 cxd4 16. Bxd4 Qe7 $11) 14... Rc7 $1 {[%cal Gd8a8,Ga8h1]
} 15. Ne5 (15. Bxf6 Nxf6 16. cxd5 (16. Ne5) 16... Bxd5 17. d4 Qa8 18. Qe2 Rfc8
19. dxc5 Rxc5 20. Rxc5 Rxc5 $15 {[%cal Ga8g2] und Schwarz kontrolliert mehr
Raum.}) 15... Nxe5 16. Bxe5 Bxe5 17. Qxe5 dxc4 $1 {Nach diesem Zug kann
Schwarz erheblichen positionellen Druck über die d-Linie ausüben.} (17... Rd7
$6 18. d4 $14 {[%csl Gd1,Ge5,Gg2]}) 18. Bxb7 (18. bxc4 Bxg2 19. Kxg2 Rd7 $15)
18... Rxb7 19. bxc4 Qd3 $15 {[%csl Gd3][%cal Gf8d8,Gb7d7,Gd8d1]} 20. Qa1 {
Weiß sichert seine Stellung und möchte die schwarze Dame von d3 verjagen.} (20.
Rc3 Qe2 21. Rcc1 Rd7 $15 {[%csl Rd2,Gd7,Ge2]}) (20. Qc3) 20... Rd8 21. Rc3 Qe4
22. d3 Rbd7 $1 {[%cal Rd8d1]} 23. Rd2 $1 (23. dxe4 $6 Rxd1+ 24. Qxd1 Rxd1+ 25.
Kg2 Kf8 $15 {[%csl Gd1] Schwarz verfügt über einen kleinen aber dauerhaften
Vorteil: Er kontrolliert die einzige offene Linie und hat die bessere
Bauernstruktur.}) (23. Qb1 $15) 23... Qe5 (23... Rxd3 $2 24. Rcxd3 Rxd3 25. Qb1
$18 {[%csl Rd3,Re4][%cal Rb1e4]} Rd4 26. Qxe4 Rxe4 27. Rd8#) 24. Qc1 h5 {
[%mdl 128]} 25. Rb3 (25. h4 $5 {Ich empfehle diesen Zug, obwohl Schwarz im
folgenden mit eventuellem ...g7-g5 angreifen kann.}) 25... h4 {[%csl Rg1,Gh4]}
26. a4 $5 {Weiß möchte a4-a5 spielen und Schwarz steht dann vor der Wahl: 1.
mit ...bxa5 seine Bauernstruktur zu schwächen oder  2. sich mit axb6 den
Bauern b6 schwächen zu lassen.} Qf5 {[%cal Rf5d3,Rd8d3]} 27. Qd1 e5 {[%cal
Ge5e4]} 28. e4 {Weiß verhindert die eventuelle Drohung ...e5-e4.} (28. a5 bxa5
$5) 28... Qg5 {[%csl Gg5][%cal Gg5d2]} 29. Re2 Rd4 {[%csl Gd4][%cal Rd4c4,
Rd8d1] Der Turm d4 steht sehr aktiv. Es droht 29...Rxc4 mit Bauerngewinn.} 30.
Qc2 R8d6 $40 {[%cal Gd6h6] Schwarz aktiviert seinen Turm. Er möchte mit ...Qh5
/ ...Rh6 angreifen.} 31. Re3 hxg3 32. Rxg3 {[%csl Gg3] Schwarz verfügt über
die bessere Bauernstruktur, aber die direkten Drohungen hat Weiß abgewehrt.}
Qh5 {[%csl Gd4,Gd6,Rg1,Gh5]} 33. a5 Rh6 {[%cal Rh6h2]} 34. f3 (34. h3 Rdd6 $17
{[%cal Rd6g6]} (34... f5 35. exf5 Qxf5 $17 {[%csl Rh3]})) 34... Rdd6 {[%cal
Rd6g6,Rg6g1,Rh6g6]} 35. Qg2 Rhg6 {Schwarz entfaltet aktives Figurenspiel und
Weiß muß schon genau fortsetzen, um den sofortigen Partieverlust zu vermeiden.}
36. axb6 axb6 37. Ra3 {[%cal Ga3a8] Weiß aktiviert den Turm, aber nach Ra8+
kommt immer ...Kh7.} Qh6 {[%csl Gh6][%cal Rh6c1]} 38. Qf1 (38. Qc2 Rdf6 {
[%csl Rf3][%cal Rf6f3]} 39. Kg2 Qh5 {[%csl Rf3][%cal Rh5f3]} 40. Qe2 Rxg3+ 41.
hxg3 Rh6 {[%csl Rg2][%cal Rh6h1]}) 38... Qe3+ {[%csl Ge3]} 39. Kg2 (39. Qf2 $2
Qc1+ $19 {[%cal Rc1g1,Rc1a3]}) 39... Rh6 {[%cal Re3d2,Rd2h2]} 40. Kh1 Qf4 {
[%cal Rf4g3,Gh6h1]} 41. Ra8+ (41. Qg1) (41. Kg1 Rdg6 $17 (41... Rxh2 $5 42.
Kxh2 Rh6+ 43. Kg2 Qd2+ 44. Qf2 (44. Kg1 Qh2#) 44... Rh2+ 45. Kxh2 Qxf2+ 46. Kh3
g6 $17)) 41... Kh7 42. Rh3 g5 $1 $17 {[%cal Rg5g4,Gf4f1] Schwarz hat
überlegenes Spiel. Es droht ...g5-g4 mit sofortigem Gewinn.} 43. Rxh6+ Rxh6 44.
Qg2 Qc1+ (44... Qe3 $17) 45. Qg1 Qd2 {[%csl Gd2,Rd3,Rg1,Rh1,Gh6]} 46. Ra7 Kg6
47. Ra1 Rh4 {Die sofortige Annahme des Bauern d3 wäre noch nicht gut, denn
Weiß käme zu Gegenspiel.} (47... Qxd3 $2 48. Qg4 $132 {[%csl Gg4,Rg6]}) 48. Qg2
(48. Rd1 $2 Rxh2+ 49. Qxh2 Qxd1+ $19) 48... Qxd3 {[%csl Gd3]} 49. Rg1 {[%cal
Rg1g5]} f6 {Schwarz besitzt einen Mehrbauern und die aktivere Stellung.} 50.
Qf1 Qc3 {Schwarz tauscht nicht seine aktive Dame, obwohl auch das Turmendspiel
sehr chancenreich wäre.} (50... Qxf1 $5 51. Rxf1 Rf4 {[%csl Gf4]} 52. Rb1 Rxf3
53. Rxb6 Rc3 $19 {[%csl Rc4]}) 51. Qe2 Rh8 52. Rd1 {[%cal Gd1d8]} Ra8 {[%cal
Ga8a1]} 53. Kg2 Ra4 {[%csl Rc4]} 54. Rd6 {[%cal Rd6b6] Weiß entfaltet etwas
Gegenspiel mit seinem aktiven Turm, den Schwarz allerdings zum Abtausch
zwingen kann.} Rxc4 55. Rxb6 Rb4 {Weiß muß die Türme tauschen, sonst kommt 56..
.Rb2.} (55... Rd4 56. Rb2 c4 $19) 56. Rxb4 cxb4 {[%mdl 4096]} 57. Qb5 {[%cal
Rb5e8,Re8g6] Schwarz muß vorsichtig sein, denn es droht Dauerschach. Hecht:
'Das schwarze Problem besteht darin, den eigenen König vor dem Dauerbeschuß zu
schützen und gleichzeitig den b-Bauern decken und voranbringen zu müssen.'}
Qd2+ (57... Qb3 {Hecht} 58. Qe8+ Qf7 59. Qb8 b3 60. Kg3 {und es geht nicht
recht weiter; z.B:} f5 61. Qb6+ Qf6 62. exf5+ $11) 58. Kg3 Qd6 {[%csl Gd6]} 59.
Qe8+ Kg7 60. h4 $6 {Mit diesem Zug reduziert Weiß zwar das Material, hilft
aber letztlich dem Schwarzen. Meines Erachtens wäre es besser gewesen,
abzuwarten.} (60. Qb5 $5) 60... gxh4+ 61. Kxh4 b3 {[%csl Gb3] Jetzt ist dieser
Zug möglich.} 62. Qb5 Qd1 {[%csl Rh4][%cal Gd1h1]} 63. Qb7+ Kg6 64. Qb8 Kh7 {
Schwarz muß sich nicht beeilen.} (64... Qh1+ {Dieser Zug kommt zwei Zügen
später nach einer Zugwiederholung.} 65. Kg3 (65. Kg4 Qg2+ 66. Kh4 Qh2+ 67. Kg4
Qf4+ 68. Kh3 Qxf3+ $19) 65... Qe1+ 66. Kg2 (66. Kg4 Qg1+ 67. Kh3 Qf2 (67... Kg5
$4 68. Qg8+ $18 {[%cal Rg8g1]}) 68. Qxb3 (68. Qg8+ Kh6 69. Qh8+ Kg5 70. Qg7+
Kf4 71. Qxf6+ Ke3 {[%csl Gb3,Ge3,Gf2]} 72. Qb6+ Kxf3 73. Qxb3+ Qe3 $19) 68...
Kg5 $19 {[%cal Rg5f4]}) 66... Kg5 $1 67. Qxb3 Kf4 $19 {[%csl Ge1,Rf3,Gf4][%cal
Re1g3] Es droht das tödliche Schach auf g3 und Schwarz gewinnt beide weißen
Bauern.}) 65. Qb7+ Kg6 66. Qb8 Qh1+ 67. Kg4 $6 {'?' Hecht. So verliert Weiß
seinen f3-Bauern mit "Schach". Hecht: 'Nur durch diesen Fehler gewinnt Schwarz.
Richtig war:'} (67. Kg3 Qe1+ 68. Kg4 Qg1+ 69. Kh3 {'=' Hecht.} (69. Kh4 Qh2+
70. Kg4 Qf4+ {Das führt zur Partiefortsetzung.}) 69... Qf2 70. Qxb3 Kg5 $19 {
[%csl Rh3][%cal Rg5f4]}) 67... Qg2+ 68. Kh4 Qh2+ 69. Kg4 Qf4+ {[%csl Gf4][%cal
Rf4g4,Rf4f3]} 70. Kh3 Qxf3+ $19 {Mit zwei Bauern mehr steht Schwarz auf Gewinn,
zumal auch der weiße Bauer e4 hängt.} 71. Kh2 Qe2+ (71... Qxe4 72. Qxb3 (72.
Qg8+ Kh5 73. Qh8+ Kg4 74. Qh3+ (74. Qxf6 Qf4+ $19) 74... Kf4 $19) 72... Kg5 $19
{Die Stellung ist theoretisch leicht für Schwarz gewonnen, aber Weiß kann noch
ein paar Schachs geben.}) 72. Kg3 Qe3+ 73. Kh2 Kg5 $1 {[%csl Gg5] '-+' Hecht.
Das ist noch besser als die sofortige Annahme des Bauern e4.} 74. Qg8+ Kf4 75.
Qg6 {[%cal Rg6f6]} Qf2+ 76. Kh3 Qf3+ 77. Kh2 Ke3 {[%csl Gb3,Ge3,Gf3] Das
Eindringen mit dem König ist hier der einfachste Gewinnweg.} 78. Qf7 Qe2+ $5 (
78... b2 79. Qb3+ Kxe4 80. Qxb2 $19) 79. Kg3 b2 80. Qb3+ Kxe4 {Mit drei Bauern
mehr gewinnt Schwarz leicht. Leider hat Weiß keinerlei Pattmotive.} 81. Qb7+
Kd4 82. Qb6+ Kc3 83. Qa5+ (83. Qc5+ Qc4 84. Qa5+ (84. Qe3+ Qd3 $19) (84. Qa3+
Qb3 85. Qa5+ Kc2+ $19) 84... Kc2 $19) 83... Kc2 84. Qc5+ Kd1 {Der schwarze
König komt auf f1 zur Ruhe.} 85. Qd5+ Ke1 86. Qb3 {Natürlich hat Weiß kein
Dauerschach.} (86. Qa5+ Kf1 {[%csl Gf1][%cal Rb2b1]} 87. Qa2 Qd3+ 88. Kh2 Qc2+
$1 $19 {[%cal Rb2b1]} (88... b1=Q $2 89. Qf2+ Kxf2 $11 {[%csl Gh2]})) (86. Qh1+
Kd2 87. Qd5+ Qd3+ $19 {[%cal Rd3d5,Rd3g3]}) 86... Qf2+ 87. Kh3 (87. Kg4 Qf4+
88. Kh3 (88. Kh5 Qg5#) 88... Qf5+ $19) 87... Qf5+ {Und Weiß gab endlich auf.} (
87... Qf5+ 88. Kh4 Qe4+ 89. Kg3 b1=Q 90. Qc3+ Ke2 $19) 0-1

[Event "Drammen Smartfish Masters"]
[Site "Drammen"]
[Date "2004.12.30"]
[Round "4"]
[White "Shirov, Alexei"]
[Black "Kortschnoj, Viktor Lvovich"]
[Result "1-0"]
[WhiteElo "2726"]
[BlackElo "2601"]
[Annotator "Psakhis,L"]
[PlyCount "53"]
[EventDate "2004.12.27"]
[EventType "tourn"]
[EventRounds "9"]
[EventCountry "NOR"]
[EventCategory "14"]
[SourceTitle "CBM 105"]
[Source "ChessBase"]
[SourceDate "2005.04.11"]
[SourceVersion "1"]
[SourceVersionDate "2005.04.11"]
[SourceQuality "1"]

1. e4 e6 2. d4 d5 3. e5 c5 4. c3 Qb6 5. Nf3 Bd7 6. Be2 Nc6 7. O-O cxd4 8. cxd4
Nge7 9. Na3 Nf5 10. Nc2 h5 (10... a5 11. g4 (11. Kh1 h5 12. Bg5 Rc8 13. Qd2 Be7
14. Bd3 $1 $146 Bxg5 (14... Ncxd4 15. Nfxd4 Nxd4 16. Bxe7 Kxe7 (16... Nxc2 17.
Bd6 $1 Nxa1 18. Qg5 $18) 17. Qe3 Rxc2 18. Bxc2 Qxb2 19. Rab1 Qxc2 20. Qxd4 $16)
15. Qxg5 Nce7 (15... Ncxd4 $2 16. Ncxd4 Nxd4 17. Qe3 $18) (15... Qxb2 $2 16.
Rfb1 Qc3 17. Rb3 $18) (15... Qd8 16. Qf4 $14) 16. Bxf5 exf5 $1 (16... Nxf5 17.
Ne3 $14) 17. Ne3 Qh6 18. g3 $1 $14 {Diaz,J-Corrales,F/Cuba 2004/Inf 89/
[Corrales,F]}) 11... Nfe7 12. Nh4 Ng6 13. Ng2 f6 14. exf6 gxf6 15. Kh1 Bg7 16.
f4 f5 17. gxf5 exf5 18. Be3 Rc8 19. b3 O-O 20. Bf3 Nce7 21. Qd2 Rf6 22. Nge1
Rfc6 23. Bd1 Rc3 24. Nf3 Bb5 25. Rf2 Bd3 {0-1 Howell,D-Rahman,Z/BCF-ch
Edinburgh 2003/ (43)}) (10... f6 11. Bd3 Nfe7 12. b4 Ng6 13. a3 Be7 14. b5 Na5
15. Rb1 Rc8 16. Re1 O-O 17. exf6 gxf6 18. Ne3 f5 19. Bd2 Qd8 20. Bb4 Bxb4 21.
Rxb4 b6 {1-0 Gonzalez,Y-Esquivel,L/Santa Clara Garcia mem-B 2004/ (50)}) 11. b3
(11. b4 Rc8 12. Rb1 a6 13. Be3 Na7 14. Qd2 Bb5 15. Bxb5+ Nxb5 16. Rb3 Qc6 17.
Na1 Be7 18. Ne1 Qc4 19. Nec2 Nc3 20. Re1 Ne4 21. Qc1 Nc3 22. Qd2 Ne4 23. Qc1
Nc3 24. Qd2 Ne4 25. Qc1 Nc3 {1/2-1/2 Movsesian,M-Rohan,M/CZE t-ch 1999/
ChessBase}) 11... a5 (11... Be7 12. Bb2 g5 13. Nfe1 g4 14. Rb1 a5 15. a3 Kf8
16. Bc3 Kg7 17. Qd2 Rh6 18. Bd3 Nh4 19. Qe3 f5 20. exf6+ Bxf6 21. Bd2 Rhh8 22.
Qg3 Ne7 23. Kh1 Nef5 24. Bxf5 Nxf5 25. Qf4 Bb5 26. Rg1 {Zhuravliov,V-Mortensen,
E/Debrecen EU-tch 1992/ChessBase/0-1 (67)}) (11... Rc8 12. Bb2 Nb4 13. Nxb4
Bxb4 14. Rc1 O-O 15. Qd3 a6 16. a4 Be7 17. Ba1 Rxc1 18. Rxc1 Rc8 19. Rxc8+ Bxc8
20. Ne1 g6 21. Qc3 Bd7 22. Nd3 Bc6 23. a5 Qc7 24. Bb2 Bd8 25. b4 Bb5 26. Kf1 {
Nguyen Thi Dung Than-Le Thanh Huyen/Hanoi nat op W 2002//1/2-1/2 (66)}) 12. Bb2
Be7 13. Ne3 Nxe3 $146 (13... g6 14. Nxf5 gxf5 15. Qd2 Nd8 16. Bc3 Bb5 17. Bxb5+
Qxb5 18. Rfb1 Nc6 19. Ne1 Kd7 20. Nc2 Bb4 21. a4 Qb6 22. Bxb4 axb4 23. Rd1 Rag8
24. h3 Rg6 25. Rac1 Rhg8 26. Ne1 Qd8 27. Qd3 f4 28. Rc5 {Boukal,P-Vaculik,M/
CZE t-ch2 9900 1999/EXT 2001/1-0 (51)}) 14. fxe3 {[%cal Gf1f7]} a4 {Disturbing
White on the queen side.} 15. Rb1 {Shirov doesn't want to exchange too many
pieces.} axb3 16. axb3 Ra2 {Black's position is not bad, but what to do with
his king - there are no safe place for him on the board.} 17. Kh1 Nb4 (17...
O-O 18. Ne1 h4 19. Nd3 $36 {[%cal Gd3f4]}) 18. Bc3 O-O (18... Bb5 $5 $14) 19.
Ng1 $1 {[%cal Ge2h5]} h4 ({Worth considering} 19... Bb5 {with possible
continuation} 20. Bxb5 Qxb5 21. Bxb4 Bxb4 22. Qxh5 Qd3 {with some compensation
for the pawn.}) 20. Nh3 {[%cal Gh3f4]} Nc2 21. Bd2 Na3 {Consistent but
actually helpful for White.} ({For some reasons Kortschnoj avoids light
coloured bishops exchange - again after} 21... Bb5 $5 22. Bxb5 Qxb5 23. Nf4 {
[%cal Gd1g4]} Bg5 $5 24. Qg4 Bxf4 25. Qxf4 Qd3 $132 {Black could get good
counter play.}) 22. Rc1 Rb2 23. b4 ({After the immediate} 23. Bd3 Qxb3 {
White can't send the queen to the kingside.}) ({To} 23. Bc3 {Black replies}
Rxe2 24. Qxe2 Bb5 {with an equal position}) 23... Bxb4 $2 {Kortschnoj clearly
overerestimates his chances} ({Last time Black could play} 23... Bb5 {trading
the light-squared bishops. Now Shirov starts direct attack on the black's
monarch.}) 24. Bd3 $3 {It's not so simple to defend against White's simple
threat 25.Qh5} ({In the case of} 24. Bxb4 Qxb4 25. Bd3 {doesn't work due to}
Qd2) 24... g6 ({The bishop is untouchable in view of the mating threats:} 24...
Rxd2 {loses to} 25. Qh5 f5 (25... g6 26. Bxg6 fxg6 27. Qxg6+ Kh8 28. Ng5) (
25... Rxd3 26. Ng5 $18) 26. Ng5 Ra8 27. Qf7+ Kh8 28. Rf4) (24... f5 25. exf6 {
followed by Qh5 and Ng5 doesn't save either.}) ({It was too late to play} 24...
Bb5 {due} 25. Bxb4 Rxb4 (25... Bxd3 26. Qxd3 Qxb4 27. Ng5 g6 28. Rxf7 $1) 26.
Bh7+ $1 (26. Ng5 {wins too but it's far less spectacular}) 26... Kxh7 27. Qh5+
Kg8 28. Ng5 Bd3 29. Qxf7+ $1 Rxf7 30. Rc8+ {mating}) 25. Qg4 Kg7 ({To} 25...
Be8 26. Qxh4 {or} (26. Bxb4 Qxb4 27. Ng5 {decides})) (25... Rxd2 26. Bxg6 $1
fxg6 27. Qxg6+ Kh8 28. Ng5 $18) 26. Bxb4 (26. Ng5 $5 Be8 (26... Bxd2 27. Qxh4
Rh8 28. Rxf7+ Kg8 29. Rf8+ $1 Kxf8 30. Qxh8+ Ke7 31. Qf6+ Ke8 32. Bxg6#) 27.
Bxb4 Qxb4 28. Bxg6 $1 {also wins quickly.}) 26... Qxb4 27. Nf4 {White's
threats are too strong, so Black resigns.} 1-0